| 000 | 00477nam a22001817a 4500 | ||
|---|---|---|---|
| 003 | OSt | ||
| 005 | 20140310181748.0 | ||
| 008 | 130625t xxu||||| |||| 00| 0 eng d | ||
| 020 | _a9788937421914 | ||
| 050 |
_aPL 991.74 _b.Se478 1994 |
||
| 082 |
_aIB 951.98 _bSe6 1966 |
||
| 245 |
_aMidang's collection of poems / _cSeo Jung Joo. |
||
| 260 |
_aSŏul : _bMinŭmsa, _c1994. |
||
| 300 |
_a3 v. : _bill. ; _c23 cm. |
||
| 541 | _j1 | ||
| 562 | _e1 | ||
| 942 |
_2lcc _cIB _kIB |
||
| 999 |
_c3059 _d3059 |
||